LEADER 00951nam a2200229 i 4500 001 000000172343 003 CaOOAMICUS 005 20080606000000.0 008 080606s2007 it u000 u ita u 013 $a149784 040 $aSeMil$bita 100 1 $aFiorini Morosini, Giuseppe .$0(OLS)http://semarc/name/64425 245 10$aS. Francesco di Paola :$bvita, personalitą, opera /$cGiuseppe Fiorini Morosini. 250 $a2. Ed. 260 $aRoma :$b[s.n.],$c2007. 300 $a338 p., [8] c. di tav. ;$c21 cm. 600 04$aFrancesco : da Paola .$0(OLS)http://semarc/subject/1931 850 $aSeMil 852 $aSeMil$W1$xVenegono$y1$m3H IV 343$j123205$B123205$CSeMilBibl$Z2$F135240 $81 961 $aLascito: Colombo Card. Giovanni 996 $6245$aS. Francesco di Paola :$bvita, personalitą, opera$9(OLS)http://semarc/title/246772 996 $6260$aRoma :$b[s.n.]$9(OLS)http://semarc/publisher/29738 LEADER 00507naa a2200145 i 4500 001 000000295318 003 CaOOAMICUS 005 20180831172523.0 008 180831n xx u000 u und u 013 $a2614 040 $aSeMil$bita 100 1 $aDelpini, Francesco,$c.$0(OLS)http://semarc/name/17178 245 12$aL'attivitą legislativa. 773 0 $tGB. Montini arcivescovo.$dMilano : NED, copyr. 1983.$z8870230732$w()45586 996 $6245$aL'attivitą legislativa$9(OLS)http://semarc/title/371378